<?xml version="1.0" encoding="UTF-8"?>
<record
    xmlns:xsi="http://www.w3.org/2001/XMLSchema-instance"
    xsi:schemaLocation="http://www.loc.gov/MARC21/slim http://www.loc.gov/standards/marcxml/schema/MARC21slim.xsd"
    xmlns="http://www.loc.gov/MARC21/slim">

  <leader>01457nam2a22002651  4500</leader>
  <controlfield tag="001">RU\NLR\INFOCOMM7\1000003678</controlfield>
  <controlfield tag="005">20250617043254.0</controlfield>
  <datafield tag="035" ind1=" " ind2=" ">
    <subfield code="a">(NLR Aleph) 002450594</subfield>
  </datafield>
  <datafield tag="090" ind1=" " ind2=" ">
    <subfield code="a">2159597</subfield>
    <subfield code="c">2159597</subfield>
  </datafield>
  <datafield tag="100" ind1=" " ind2=" ">
    <subfield code="a">20040316d1963    |||y0rusy50      ca</subfield>
  </datafield>
  <datafield tag="101" ind1="0" ind2=" ">
    <subfield code="a">rus</subfield>
  </datafield>
  <datafield tag="102" ind1=" " ind2=" ">
    <subfield code="a">RU</subfield>
  </datafield>
  <datafield tag="105" ind1=" " ind2=" ">
    <subfield code="a">y   |||||||||</subfield>
  </datafield>
  <datafield tag="200" ind1="0" ind2=" ">
    <subfield code="a">&#x412;&#x44B;&#x43F;.35</subfield>
  </datafield>
  <datafield tag="210" ind1=" " ind2=" ">
    <subfield code="d">1963</subfield>
    <subfield code="a">&#x411;. &#x43C;.</subfield>
  </datafield>
  <datafield tag="225" ind1="1" ind2=" ">
    <subfield code="a">...</subfield>
    <subfield code="v">&#x412;&#x44B;&#x43F;.35</subfield>
    <subfield code="i">...</subfield>
    <subfield code="v">&#x2116;3</subfield>
  </datafield>
  <datafield tag="461" ind1=" " ind2="0">
    <subfield code="1">001RU\NLR\INFOCOMM31\1000069819</subfield>
    <subfield code="1">2001#$a&#x41C;&#x435;&#x436;&#x432;&#x443;&#x437;&#x43E;&#x432;&#x441;&#x43A;&#x438;&#x439; &#x441;&#x431;&#x43E;&#x440;&#x43D;&#x438;&#x43A; &#x43D;&#x430;&#x443;&#x447;&#x43D;&#x44B;&#x445; &#x442;&#x440;&#x443;&#x434;&#x43E;&#x432;$f&#x41D;&#x43E;&#x432;&#x43E;&#x441;&#x438;&#x431;. &#x438;&#x43D;-&#x442; &#x438;&#x43D;&#x436;&#x435;&#x43D;&#x435;&#x440;&#x43E;&#x432; &#x436;.-&#x434;. &#x442;&#x440;&#x430;&#x43D;&#x441;&#x43F;.$v&#x412;&#x44B;&#x43F;.35</subfield>
    <subfield code="9">3051129</subfield>
    <subfield code="a">&#x41D;&#x43E;&#x432;&#x43E;&#x441;&#x438;&#x431;&#x438;&#x440;&#x441;&#x43A;&#x438;&#x439; &#x438;&#x43D;&#x441;&#x442;&#x438;&#x442;&#x443;&#x442; &#x438;&#x43D;&#x436;&#x435;&#x43D;&#x435;&#x440;&#x43E;&#x432; &#x436;&#x435;&#x43B;&#x435;&#x437;&#x43D;&#x43E;&#x434;&#x43E;&#x440;&#x43E;&#x436;&#x43D;&#x43E;&#x433;&#x43E; &#x442;&#x440;&#x430;&#x43D;&#x441;&#x43F;&#x43E;&#x440;&#x442;&#x430;</subfield>
    <subfield code="c">&#x41D;&#x43E;&#x432;&#x43E;&#x441;&#x438;&#x431;&#x438;&#x440;&#x441;&#x43A;</subfield>
    <subfield code="d">1935-</subfield>
    <subfield code="f">&#x41D;&#x43E;&#x432;&#x43E;&#x441;&#x438;&#x431;. &#x438;&#x43D;-&#x442; &#x438;&#x43D;&#x436;&#x435;&#x43D;&#x435;&#x440;&#x43E;&#x432; &#x436;.-&#x434;. &#x442;&#x440;&#x430;&#x43D;&#x441;&#x43F;.</subfield>
    <subfield code="t">&#x41C;&#x435;&#x436;&#x432;&#x443;&#x437;&#x43E;&#x432;&#x441;&#x43A;&#x438;&#x439; &#x441;&#x431;&#x43E;&#x440;&#x43D;&#x438;&#x43A; &#x43D;&#x430;&#x443;&#x447;&#x43D;&#x44B;&#x445; &#x442;&#x440;&#x443;&#x434;&#x43E;&#x432;</subfield>
    <subfield code="v">&#x412;&#x44B;&#x43F;.35</subfield>
  </datafield>
  <datafield tag="462" ind1=" " ind2="0">
    <subfield code="1">001RU\NLR\INFOCOMM7\1000003675</subfield>
    <subfield code="1">2001#$a&#x418;&#x43D;&#x436;&#x435;&#x43D;&#x435;&#x440;&#x43D;&#x43E;-&#x433;&#x435;&#x43E;&#x434;&#x435;&#x437;&#x438;&#x447;&#x435;&#x441;&#x43A;&#x438;&#x439; &#x441;&#x431;&#x43E;&#x440;&#x43D;&#x438;&#x43A;$f&#x41C;-&#x432;&#x43E; &#x43F;&#x443;&#x442;. &#x441;&#x43E;&#x43E;&#x431;&#x449;. &#x421;&#x421;&#x421;&#x420;$v&#x2116;3</subfield>
    <subfield code="9">2159570</subfield>
    <subfield code="c">&#x41D;&#x43E;&#x432;&#x43E;&#x441;&#x438;&#x431;&#x438;&#x440;&#x441;&#x43A;</subfield>
    <subfield code="d">1960-</subfield>
    <subfield code="f">&#x41C;-&#x432;&#x43E; &#x43F;&#x443;&#x442;. &#x441;&#x43E;&#x43E;&#x431;&#x449;. &#x421;&#x421;&#x421;&#x420;</subfield>
    <subfield code="t">&#x41C;&#x435;&#x436;&#x432;&#x443;&#x437;&#x43E;&#x432;&#x441;&#x43A;&#x438;&#x439; &#x441;&#x431;&#x43E;&#x440;&#x43D;&#x438;&#x43A; &#x43D;&#x430;&#x443;&#x447;&#x43D;&#x44B;&#x445; &#x442;&#x440;&#x443;&#x434;&#x43E;&#x432;. - &#x418;&#x43D;&#x436;&#x435;&#x43D;&#x435;&#x440;&#x43D;&#x43E;-&#x433;&#x435;&#x43E;&#x434;&#x435;&#x437;&#x438;&#x447;&#x435;&#x441;&#x43A;&#x438;&#x439; &#x441;&#x431;&#x43E;&#x440;&#x43D;&#x438;&#x43A;</subfield>
    <subfield code="v">&#x2116;3</subfield>
  </datafield>
  <datafield tag="801" ind1=" " ind2="1">
    <subfield code="a">RU</subfield>
    <subfield code="b">InfoComm</subfield>
    <subfield code="c">20040316</subfield>
  </datafield>
  <datafield tag="801" ind1=" " ind2="0">
    <subfield code="a">RU</subfield>
    <subfield code="b">NLR</subfield>
    <subfield code="g">PSBO</subfield>
  </datafield>
  <datafield tag="852" ind1=" " ind2=" ">
    <subfield code="a">NLR</subfield>
    <subfield code="j">&#x41F;10/607</subfield>
  </datafield>
  <datafield tag="942" ind1=" " ind2=" ">
    <subfield code="c">ISSUE</subfield>
  </datafield>
  <datafield tag="980" ind1=" " ind2=" ">
    <subfield code="a">NB</subfield>
  </datafield>
  <datafield tag="980" ind1=" " ind2=" ">
    <subfield code="a">RUSPER</subfield>
  </datafield>
</record>
